ՀՀ Գիտությունների ազգային ակադեմիայի հիմնարար գիտական գրադարան  =   Fundamental Scientific Library of NAS RA

Ինչից եւ ումից սկսենք. Անտիկ շրջան : (Record no. 319122)

MARC details
000 -LEADER
fixed length control field 01222nam a2200265 a 4500
001 - CONTROL NUMBER
control field 000942717
003 - CONTROL NUMBER IDENTIFIER
control field AM-YeHGA
005 - DATE AND TIME OF LATEST TRANSACTION
control field 20250618074146.0
008 - FIXED-LENGTH DATA ELEMENTS--GENERAL INFORMATION
fixed length control field 130125s2012 ai a|||gr|||||||||0|arm|d
020 ## - INTERNATIONAL STANDARD BOOK NUMBER
International Standard Book Number 9789939813066
040 ## - CATALOGING SOURCE
Original cataloging agency AM-YeHGA
041 0# - LANGUAGE CODE
Language code of text/sound track or separate title arm
090 ## - LOCALLY ASSIGNED LC-TYPE CALL NUMBER (OCLC); LOCAL CALL NUMBER (RLIN)
-- 320857
100 1# - MAIN ENTRY--PERSONAL NAME
Personal name Ներսիսյան, Լևոն Հրաչյայի,
Dates associated with a name 1931-1999
9 (RLIN) 1025
245 10 - TITLE STATEMENT
Title Ինչից եւ ումից սկսենք. Անտիկ շրջան :
Remainder of title Դասախոսություններ /
Statement of responsibility, etc. Լ.Հ. Ներսիսյան ; Խմբ.՝ Թ. Խաչատրյան ; ՀՀ ՄՆ. Խնկո-Ապոր անվ. ազգ. մանկ. գրադ.
260 ## - PUBLICATION, DISTRIBUTION, ETC.
Place of publication, distribution, etc. Երևան :
Name of publisher, distributor, etc. Խնկո-Ապոր անվ. ազգ. մանկ. գրադ-ի հրատ.,
Date of publication, distribution, etc. 2012.
300 ## - PHYSICAL DESCRIPTION
Extent 160 էջ ;
Dimensions 20 սմ.
Accompanying material + CD
440 #0 - SERIES STATEMENT/ADDED ENTRY--TITLE
Title Ultra Verba` Վերջին խոսք
Volume/sequential designation 1
504 ## - BIBLIOGRAPHY, ETC. NOTE
Bibliography, etc. note Ծանոթագրություններ, էջ՝ 141-155
650 10 - SUBJECT ADDED ENTRY--TOPICAL TERM
Topical term or geographic name entry element Հայ գրականագիտություն
Form subdivision Դասախոսություն
700 1# - ADDED ENTRY--PERSONAL NAME
Personal name Խաչատրյան, Թադևոս
Relator term խմբ.
Relationship edt
710 2# - ADDED ENTRY--CORPORATE NAME
Corporate name or jurisdiction name as entry element Մշակույթի նախարարություն ՀՀ
710 2# - ADDED ENTRY--CORPORATE NAME
Corporate name or jurisdiction name as entry element Խնկո-Ապոր անվան ազգային մանկական գրադարան
9 (RLIN) 4130
942 ## - ADDED ENTRY ELEMENTS (KOHA)
Source of classification or shelving scheme Universal Decimal Classification
Koha item type Գրքեր / Books
Holdings
Withdrawn status Lost status Damaged status Not for loan Collection Home library Current library Date acquired Cost, normal purchase price Shelving control number Total checkouts Full call number Barcode Date last seen Price effective from Koha item type Public note Source of classification or shelving scheme
        General Fundamental Scientific Library Fundamental Scientific Library 09/01/2017 4600.00     AII/98393 FL0224588 09/01/2017 09/01/2017 Գրքեր / Books 30 Days Loan  
        General Fundamental Scientific Library Fundamental Scientific Library 28/09/2023       AII/110627 FL0672717 28/09/2023 28/09/2023 Գրքեր / Books 30 Days Loan Universal Decimal Classification


ՀՀ ԳԱԱ հիմնարար գիտական գրադարան
ՀՀ,Երևան 0019
Մարշալ Բաղրամյան 24/6
հեռախոս:(374-10) 52-47-50
Հետադարձ կապ

All site content, except where otherwise noted, is licensed under a
Creative Commons License